Statistiques concernant Anagrammes de Pays 🌎 en énigmes 🧐 #5

Cliquez ici pour prendre le quiz!

Statistiques générales

  • Ce quiz a été pris 826 fois
  • Le résultat moyen est 12 sur 30

Statistiques - réponses

HintRéponse% Correct
52 semainesAN
98%
Après le solLA
84%
Pas Avenue ni BoulevardRUE
82%
Pas beauLAID
79%
Habité par un fantômeHANTÉ
72%
Celui qui représente le bien sur notre épauleANGE
71%
Os de la jambeTIBIA
70%
Matière scolaire en 3 lettresEPS
68%
Fromage des Pays-BasGOUDA
59%
De beauté, de sable ou de folieGRAIN
55%
ANGE + EPSESPAGNE
49%
AN + GOUDAOUGANDA
48%
Apéritif en 3 lettresKIR
43%
Ceux des pompiers le 13 JuilletBALS
41%
Milieux des brasCOUDES
35%
HANTE + LAIDTHAILANDE
32%
KIR + TIBIAKIRIBATI
29%
BrassageMELANGE
28%
On la gagne quand on a la médaille d'orCOMPETITION
24%
MELANGE + LAALLEMAGNE
21%
BALS + RUEBELARUS
12%
Ouvrage en latinOPUS
12%
DurRUDE
12%
Tony Estanguet en a été le roi à 3 reprisesSLALOM
9%
Querelle d'antanNOISE
8%
Eparpillée, répandue dans plusieurs endroitsEPARSE
7%
COUDES + RUDECOREE DU SUD
5%
GRAIN + OPUSSINGAPOUR
5%
NOISE + SLALOMILES SALOMON
2%
EPARSE + COMPETITIONSAO TOME ET PRINCIPE
2%

Distribution des résultats

Percentile par nombre de réponses

% des personnes avec chaque résultat

Votre développement - résultats

Vous n’avez pas pris ce quiz